Conoce nuestra constitución.

Na minha lista:
Detalhes bibliográficos
Autor Corporativo: Comisión Nacional de Libros de Texto Gratuitos (México)
Outros Autores: Delgado, Ana Laura (autor) (autor)
Formato: Livro
Idioma:espanhol
Edição:4a edición
Assuntos:
Tags: Adicionar Tag
Sem tags, seja o primeiro a adicionar uma tag!

MARC

LEADER 00000nam^a2200000^u^4500
001 000530958
005 20250521000000.0
008 140917s10001000^^^^cr^^r^^^^^000^0^spa^d
009 20260310130842.612
022 |a 9786075147192 
035 |a FCE 000075206 
037 |a Acervo ITESO - Biblioteca 
041 |a spa 
082 0 4 |a 342.72023  |b COMc 2014 
110 |a Comisión Nacional de Libros de Texto Gratuitos (México) 
245 1 0 |a Conoce nuestra constitución. 
250 |a 4a edición 
264 |a México :  |b SEP : DGMIE,  |c 2014. 
300 |a 62 p. : il. 
336 |a texto  |b txt  |2 rdacontenido 
337 |a sin mediación  |b n  |2 rdamedio 
338 |a volumen  |b nc  |2 rdasoporte 
596 |a En la cubierta dice cuarto grado. 
649 |a XX 
650 |a Constitución política 
650 |a Literatura infantil 
650 |a Enseñanza 
650 |a México 
700 |a Delgado, Ana Laura  |e (autor) 
910 |a Fondo Centro de Estudios Educativos 
920 |a Impresos - Libros 
930 |a Fondos Especiales 
905 |a 133 
901 |a ALE072846  |b IT2  |c CEE  |u 20250521 
901 |a ALE074900  |b IT2  |c CEE  |u 20250521 
902 |a https://opac.biblio.iteso.mx/vufind/Record/000530958